000 00727nam a2200229 a 4500
001 BRL_47
005 20190320210550.0
008 011012s1984----mx-a######---#000-0#spa-#
041 _aspa
044 _amx
050 4 _aF1203.5
_b.S25 1984
245 1 0 _aSalas de etnografía del Museo Nacional de Antropología e Historia.
260 _aMéxico
_bINAH, Departamento de Etnografía
_c1984
300 _a154 p.
_bil.
_c21 cm.
500 _aAu48
504 _aIncluye referencias bibliográficas
610 2 4 _aMuseo Nacional de Antropología e Historia (Ciudad de México)
_vGuías
_922752
650 1 4 _aEtnografía
_922753
650 1 4 _aIndígenas de México
_vGuías
_xAntigüedades
_922754
902 _aGRL
942 _2lcc
_cB
999 _c8860
_d8860